Представление документа в формате MARC21

Поле Инд. ПП Название Значение
Тип записи a
Библиографический уровень m
001 Контрольный номер 5a3bf3527da34899b2a8fb0b85ec64a6
005 Дата корректировки 20260608112708.5
040 a Служба первич. каталог. 10013504
b Код языка каталог. rus
e Правила каталог. PSBO
041 0_ a Код языка текста rus
084 a Индекс другой классификации/Индекс ББК доп.
090 a Полочн. индекс А181
x Авторский знак Б 825
r Идентификатор организации 10013504
100 1_ a Автор Сучков В.Н.
245 10 a Заглавие Вопросы оптимального проектирования тонкостенных каркасированных авиационных конструкций
b Продолж. заглавия автореферат диссертации ... кандидата технических наук : специальность 05.212 - Строительная механика и прочность летательных аппаратов
c Ответственность науч. рук. Е.Г. Соловьев; Казанский авиационный институт
260 a Место издания Казань
c Дата издания 1972
300 a Объем 16 с.
653 0_ a Ключевые слова АВТОРЕФЕРАТЫ
700 12 a Другие авторы Соловьев Е.Г.
e Роль лиц Научный руководитель
a Другие авторы Шатаев В.Г.
e Роль лиц Научный руководитель
901 t Тип документа r
952 d Специальность 05.212 Строительная механика и прочность летательных аппаратов
a Тип литературы для КСУ ВШ БАНР
c Вид литературы автореферат